Estadísticas para Tipos de Osos

Haz click aquí para intentar la prueba.

Estadísticas generales

  • Esta prueba ha sido intentada 1.943 veces
  • La puntuación promedio es 5 de 8

Estadísticas de respuestas

HábitatOso% Correcto
ÁrticoOso Polar
97%
Norte América, Europa, AsiaOso Pardo
93%
ChinaPanda Gigante
92%
Norte AméricaOso Negro Americano
68%
Asia del SurOso Negro Asiático
68%
SudaméricaOso de Anteojos
27%
AsiaOso Perezoso
24%
AsiaOso Malayo
17%

Distribución de puntuación

Porcentaje por número respondido

Porcentaje de gente con cada puntuación

Historial de tus puntuaciones

No has intentado esta prueba.